| 000 | 00909nam a22002175i 4500 | ||
|---|---|---|---|
| 001 | 157280 | ||
| 003 | ES-MaACL | ||
| 005 | 20250809063528.0 | ||
| 008 | 950206s1870 fr |||| | fre d | ||
| 040 | _aCLM | ||
| 100 | 1 |
_aLaurent, François, _d1810-1887 _9128741 |
|
| 245 | 1 | 0 |
_aHistoire du droit des gens et des relations internationales. _nXVII, _pÉtudes sur l'histoire de l'humanité : La Religion de l'avenir / _cpar F. Laurent. |
| 260 |
_aParis : _bLibrairie Internationale... : _bA. Lacroix Verboeckhoven et Ce. éditeurs..., _c1870 ( _eBruxelles : _fTyp. de A. Lacroix Verboeckhoven et Cie...) |
||
| 300 |
_a687 p. ; _c21 cm. |
||
| 650 | 0 | 4 |
_aCristianismo- _zEuropa. _911429 |
| 650 | 0 | 7 |
_aReligión _2embne _916797 |
| 650 | 0 | 4 |
_aDerecho internacional- _xHistoria. _911719 |
| 852 |
_aES-MaACL _jD-4582 _z-- Enc. hol. |
||
| 852 |
_aES-MaACL _jD-2827 _z-- Enc. hol. |
||
| 999 |
_c157280 _d157280 |
||